Vyavahara arthashastra (Record no. 211933)
[ view plain ]
| 000 -LEADER | |
|---|---|
| fixed length control field | 00513nam a2200181Ia 4500 |
| 008 - FIXED-LENGTH DATA ELEMENTS--GENERAL INFORMATION | |
| fixed length control field | 210719s2021 xx 000 0 und d |
| 020 ## - INTERNATIONAL STANDARD BOOK NUMBER | |
| International Standard Book Number | 978-81-941636-6-4 |
| 041 ## - LANGUAGE CODE | |
| Language code of text/sound track or separate title | kan |
| 082 ## - DEWEY DECIMAL CLASSIFICATION NUMBER | |
| Classification number | 658.001K PRAV |
| 100 ## - MAIN ENTRY--PERSONAL NAME | |
| Personal name | PRABHAKARA SHISHILA (Bi);SHISHILA (Prabhakara) |
| 245 ## - TITLE STATEMENT | |
| Title | Vyavahara arthashastra |
| 260 ## - PUBLICATION, DISTRIBUTION, ETC. | |
| Place of publication, distribution, etc. | Mangaluru |
| Name of publisher, distributor, etc. | United Publishers |
| Date of publication, distribution, etc. | 2021 |
| 300 ## - PHYSICAL DESCRIPTION | |
| Extent | viii,242 |
| Other physical details | PB |
| 365 ## - TRADE PRICE | |
| Price amount | 150 |
| Currency code | Rs |
| 650 ## - SUBJECT ADDED ENTRY--TOPICAL TERM | |
| Topical term or geographic name entry element | Business Economics |
| 650 ## - SUBJECT ADDED ENTRY--TOPICAL TERM | |
| Topical term or geographic name entry element | Management |
| 906 ## - LOCAL DATA ELEMENT F, LDF (RLIN) | |
| a | 1 ; arthashastra ; Ed ; Vyavahara |
| Withdrawn status | Lost status | Source of classification or shelving scheme | Damaged status | Not for loan | Collection code | Home library | Current library | Date acquired | Source of acquisition | Cost, normal purchase price | Total Checkouts | Full call number | Barcode | Date last seen | Cost, replacement price | Price effective from | Koha item type |
|---|---|---|---|---|---|---|---|---|---|---|---|---|---|---|---|---|---|
| Dewey Decimal Classification | Commerce | St Aloysius Library | St Aloysius Library | 03/03/2021 | Biblios Book Point, Surathkal-575014 | General Annual | 150.00 | 658.001K PRAV | 074747 | 07/19/2021 | 120.00 | 07/19/2021 | Book |